Astros lineups 2021-2025 No injuries. - Statistics

General Stats
  • This quiz has been taken 40 times
  • The average score is 15 of 23
Answer Stats
Answer % Correct
Jeremy Pena
100%
Jose Altuve
100%
Carlos Correa
97%
Yordan Alvarez
97%
Alex Bregman
94%
Yuli Gurriel
87%
Kyle Tucker
84%
Yanier Diaz
77%
Christian Walker
74%
Martin Maldonado
74%
Chas McCormick
71%
Jose Abreu
71%
Framber Valdez
68%
Hunter Brown
65%
Jake Meyers
61%
Isaac Paredes
52%
Michael Brantley
45%
Cam Smith
42%
Jon Singleton
42%
Zack Greinke
39%
Trey Mancini
29%
Jason Castro
26%
Myles Straw
26%
No matching quizzes found
Score Distribution
Percent of People with Each Score
Percentile by Number Answered
Your Score History
You have not taken this quiz